Normal view MARC view
  • SEMICONDUCTOR DEVICE.SEMICONDUCTOR DEVICE FUNDAMENTALS

Entry Topical Term

Number of records used in: 1

001 - CONTROL NUMBER

  • control field: 80444

003 - CONTROL NUMBER IDENTIFIER

  • control field: NUST

005 - DATE AND TIME OF LATEST TRANSACTION

  • control field: 20210628210652.0

008 - FIXED-LENGTH DATA ELEMENTS

  • fixed length control field: 210628|| aca||aabn | a|a d

040 ## - CATALOGING SOURCE

  • Original cataloging agency: NUST
  • Transcribing agency: NUST

150 ## - HEADING--TOPICAL TERM

  • Topical term or geographic name entry element: SEMICONDUCTOR DEVICE.SEMICONDUCTOR DEVICE FUNDAMENTALS

670 ## - SOURCE DATA FOUND

  • Source citation: Work cat.: (NUST): Pierret, Robert F. 61194, Semiconductor device fundamentals,with computer based exercises and homework problems, 2006
© 2023 Central Library, National University of Sciences and Technology. All Rights Reserved.